=LDR 00000nam 2200000 4500 =001 INLIS000000000018150 =005 20130612113331 =008 ***********************************Ind** =035 ##$$0010-061300000018150 =041 ##$$a Ind =082 ##$$a 636.5 =090 ##$$a 636.5, Wij p =100 ##$$a Wijaya, Kartika =245 ##$$a Peluang bisnis ras dan buras, Kartika Wijaya =260 ##$$a 2003 $b Jakarta =300 ##$$a viii, 103 hlm, ilus, 20 cm =650 ##$$a Ayam Buras =850 ##$$a NBPNMAT =990 ##$$a 0001/BPAP-NTB/2016